000
00315nam a22001337a 4500
020
_a
81-8022-057-4
082
_a
000
_b
PRI/D
100
_a
PRIORITY PUBLICATIONS
245
_a
DOING WORD ( PRESENT)
260
_a
INDIA
_b
PRIORITY PUBLICATIONS
300
_a
12
650
_a
LITTLE BOOK OF GRAMMAR
_z
INDIA
942
_c
BK
999
_c
4642
_d
4642